Public debt indexation and denomination <the> case of Brazil

Gespeichert in:
Bibliographische Detailangaben
1. Verfasser: Goldfajn, Ilan
Format: Buch
Sprache:Englisch
Veröffentlicht: Washington International Monetary Fund 1998
Schriftenreihe:IMF Working paper WP/98/18
Schlagworte:
Tags: Tag hinzufügen
Keine Tags, Fügen Sie das erste Tag hinzu!

MARC

LEADER 00000nam a2200000 4500
001 c100850
005 20221221083349.6
041 0 |a eng 
044 |a US 
245 1 0 |a Public debt indexation and denomination  |b <the> case of Brazil  |c Prepared by Ilan Goldfajn 
264 1 |a Washington  |b International Monetary Fund  |c 1998 
300 |a 28 s. 
490 1 |a IMF Working paper  |v WP/98/18 
830 0 |a IMF Working paper  |v WP/98/18 
610 2 0 |a dlhy 
610 2 0 |a dlhy štátne 
610 2 0 |a dlhy verejné 
610 2 0 |a Brazília 
100 1 |a Goldfajn, Ilan